| 000 | 00521nam a2200181Ia 4500 | ||
|---|---|---|---|
| 003 | LK-CoDNM | ||
| 005 | 20241129143353.0 | ||
| 008 | 010623t1980 xxu||||| |||| 00| 1 eng d | ||
| 040 |
_aLK-CoDNM _dLK-CoDNM _eLK-CoDNM |
||
| 041 |
_aeng _asin |
||
| 080 |
_a294.32 _bCNV |
||
| 100 | _aරේනුකානේ චන්දවිමල | ||
| 245 | _aඅභිධමාර් ථ සංග්රහය | ||
| 300 | _b220p. ; ill : 28 cm | ||
| 650 | _aඅකුසල් | ||
| 650 | _aකුසල් | ||
| 942 | _cBK | ||
| 999 |
_c232892 _d232892 |
||